Természettudományos nevelésünk - változó magyarázatok
Elmentve itt :
| Szerző: | |
|---|---|
| Dokumentumtípus: | Cikk |
| Megjelent: |
1999
|
| Sorozat: | Iskolakultúra
9 No. 10 |
| Online Access: | http://misc.bibl.u-szeged.hu/40403 |
| LEADER | 00588nab a2200169 i 4500 | ||
|---|---|---|---|
| 001 | misc40403 | ||
| 005 | 20191106140929.0 | ||
| 008 | 180709s1999 hu o 0|| zxx d | ||
| 022 | |a 1215-5233 | ||
| 040 | |a SZTE Miscellanea Repozitórium |b hun | ||
| 041 | |a zxx | ||
| 100 | 1 | |a Báthory Zoltán | |
| 245 | 1 | 0 | |a Természettudományos nevelésünk - változó magyarázatok |h [elektronikus dokumentum] / |c Báthory Zoltán |
| 260 | |c 1999 | ||
| 300 | |a 46-54 | ||
| 490 | 0 | |a Iskolakultúra |v 9 No. 10 | |
| 856 | 4 | 0 | |u http://misc.bibl.u-szeged.hu/40403/1/EPA00011_iskolakultura_1999_10_046-054.pdf |z Dokumentum-elérés |